Grünbuch über die Beziehungen zwischen der Europäischen Union und den AKP-Staaten an der Schwelle zum 21. Jahrhundert. Vorlage der Kommission (Record no. 3369)

MARC details
000 -LEADER
fixed length control field 00554nam a22001937i 4500
001 - CONTROL NUMBER
control field 3419
003 - CONTROL NUMBER IDENTIFIER
control field OSt
005 - DATE AND TIME OF LATEST TRANSACTION
control field 20170126082318.0
007 - PHYSICAL DESCRIPTION FIXED FIELD--GENERAL INFORMATION
fixed length control field tu
008 - FIXED-LENGTH DATA ELEMENTS--GENERAL INFORMATION
fixed length control field 161220s1996 xxu||||| |||| 00| 0 d
024 7# - OTHER STANDARD IDENTIFIER
Standard number or code 3418
Source of number or code RID
040 ## - CATALOGING SOURCE
Transcribing agency OSt
084 ## - OTHER CLASSIFICATION NUMBER
Classification number 11.7
Number source z
110 2# - MAIN ENTRY--CORPORATE NAME
Corporate name or jurisdiction name as entry element Europäische Kommission
Relator term Ed.
245 00 - TITLE STATEMENT
Title Grünbuch über die Beziehungen zwischen der Europäischen Union und den AKP-Staaten an der Schwelle zum 21. Jahrhundert. Vorlage der Kommission
260 ## - PUBLICATION, DISTRIBUTION, ETC.
Place of publication, distribution, etc. Brüssel,
Date of publication, distribution, etc. 1996.
300 ## - PHYSICAL DESCRIPTION
Extent 89 S. :
Other physical details Anh. ;
Dimensions 30cm.
651 ## - SUBJECT ADDED ENTRY--GEOGRAPHIC NAME
Geographic name ACP countries
942 ## - ADDED ENTRY ELEMENTS (KOHA)
Koha item type Book
Holdings
Withdrawn status Lost status Damaged status Not for loan Home library Current library Shelving location Date acquired Inventory number Total Checkouts Full call number Barcode Date last seen Price effective from Koha item type
        WIIW WIIW Library 03/17/1997 3419   II-6.140 303417 01/26/2017 01/26/2017 Book
The Vienna Instiute for International Economic Studies (wiiw)